书目信息 |
| 书名: | Texas, a history | |
| 作者: | Joe B. Frantz ; with a historical guide prepared by the editors of the American Association for State and Local History. | |
| 分册号: | ||
| 分册名: | 出版地: | New York : |
|
| 出版社: | W.W. Norton | |
| 出版时间: | c1984. | |
| 页数: | xxx, 222 p. : | |
| 开本: | 21 cm. | |
| 丛书名: | States and the nation | |
| 中图分类号: | ||
| 科图分类号: | ||
| 其他分类号: | K712.9 | |
| 主题词: | ||
| 电子资源: | http://www.loc.gov/catdir/toc/fy055/83025466.html | |
| 000 | 01287cam a2200337 a 450 | |
| 001 | E0757407644 | |
| 005 | 20070514155939.09 | |
| 008 | 831214s1984 nyua b 001 0 eng | |
| 010 | @a83025466 | |
| 020 | @a0393301737 (pbk.) :@cUSD7.95. | |
| 035 | @A(DLC) 83025466 | |
| 040 | @aDLC@cDLC@dDLC | |
| 043 | @an-us-tx | |
| 050 | 00 | @aF386@b.F72 1984 |
| 082 | 00 | @a976.4@2 19 |
| 090 | @aK712.9 | |
| 099 | @dK712.9@ex43 | |
| 100 | 1 | @aFrantz, Joe Bertram,@d1917- |
| 245 | 10 | @aTexas, a history / @cJoe B. Frantz ; with a historical guide prepared by the editors of the American Association for State and Local History. |
| 260 | @aNew York :@bW.W. Norton ;@aNashville :@bAmerican Association for State and Local History,@cc1984. | |
| 300 | @axxx, 222 p. :@bill. ;@c21 cm. | |
| 440 | 0 | @aStates and the nation |
| 500 | @aRev. ed. of: Texas. 1976. | |
| 500 | @aIncludes index. | |
| 504 | @aBibliography: p. 213-216. | |
| 651 | 0 | @aTexas@xHistory. |
| 700 | 1 | @aFrantz, Joe Bertram,@d1917-@tTexas. |
| 710 | 2 | @aAmerican Association for State and Local History. |
| 856 | 41 | @3 Table of contents@uhttp://www.loc.gov/catdir/toc/fy055/83025466.html |
| 906 | @a7@bcbc@corignew@d1@eocip@f19@gy-gencatlg | |
| 991 | @bc-GenColl@hF386@i.F72 1984@p00050714032@tCopy 1@wBOOKS | |
| Texas, a history / / Joe B. Frantz ; with a historical guide prepared by the editors of the American Association for State and Local History.-New York : : W.W. Norton ; ; Nashville : : American Association for State and Local History, , c1984. |
| xxx, 222 p. : : ill. ; ; 21 cm.- (States and the nation ) |
| Rev. ed. of: Texas. 1976.-Includes index.-Bibliography: p. 213-216. |
| ISBN 0393301737 (pbk.) :USD7.95. |
| ● |
| 相关链接 |
|
|
|
|
正题名:Texas, a history
索取号:K712.9/x43
 
预约/预借
| 序号 | 登录号 | 条形码 | 馆藏地/架位号 | 状态 | 备注 |
| 1 | 0008875 | 300088759 | 第二样本阅览室/ [索取号:K712.9/x43] | 在馆 |